Catálogo

Educación en México 2013-2018 : (Registro nro. 64628)

Detalles MARC
000 -LEADER
fixed length control field 01390cam a2200337 i 4500
001 - CONTROL NUMBER
control field 64628
003 - CONTROL NUMBER IDENTIFIER
control field Mx-PuUPA
005 - DATE AND TIME OF LATEST TRANSACTION
control field 20230707131028.0
008 - FIXED-LENGTH DATA ELEMENTS--GENERAL INFORMATION
fixed length control field 160404s2018 mx ad gr 000 f spa d
020 ## - INTERNATIONAL STANDARD BOOK NUMBER
Terms of availability [En trámite]
040 ## - CATALOGING SOURCE
Original cataloging agency Mx-PuUPA
Language of cataloging spa
Transcribing agency Mx-PuUPA
Modifying agency Mx-PuUPA
Description conventions rda
041 0# - LANGUAGE CODE
Language code of text/sound track or separate title spa
110 1# - MAIN ENTRY--CORPORATE NAME
Corporate name or jurisdiction name as entry element México.
Subordinate unit Secretaría de Educación Pública,
9 (RLIN) 6410
245 10 - TITLE STATEMENT
Title Educación en México 2013-2018 :
Remainder of title balance y perspectiva /
Statement of responsibility, etc. SEP ; Otto Granados Roldán, secretario de Educación Pública
246 ## - VARYING FORM OF TITLE
Title proper/short title Educación en México dos mil trece - dos mil dieciocho :
Remainder of title balance y perspectiva.
250 ## - EDITION STATEMENT
Edition statement Primera edición /
Remainder of edition statement septiembre
264 #1 - PRODUCTION, PUBLICATION, DISTRIBUTION, MANUFACTURE, AND COPYRIGHT NOTICE
Place of production, publication, distribution, manufacture Ciudad de México :
Name of producer, publisher, distributor, manufacturer Secretaría de Educación Pública,
Date of production, publication, distribution, manufacture, or copyright notice 2018
300 ## - PHYSICAL DESCRIPTION
Extent 322 páginas :
Other physical details ilustraciones, gráficas, tablas ;
Dimensions 22 cm
336 ## - CONTENT TYPE
Content type term texto
Content type code txt
Fuente rdacontent
337 ## - MEDIA TYPE
Source rdamedia
Media type term sin medio
Media type code n
338 ## - CARRIER TYPE
Source rdacarrier
Carrier type term volumen
Carrier type code nc
650 #7 - SUBJECT ADDED ENTRY--TOPICAL TERM
Source of heading or term armarc
Topical term or geographic name entry element Educación
General subdivision Aspectos económicos
Geographic subdivision México
650 #7 - SUBJECT ADDED ENTRY--TOPICAL TERM
Source of heading or term armarc
Topical term or geographic name entry element Educación
Form subdivision Estadísticas
650 #7 - SUBJECT ADDED ENTRY--TOPICAL TERM
Source of heading or term armarc
General subdivision Reforma educativa
Geographic subdivision México
651 #4 - SUBJECT ADDED ENTRY--GEOGRAPHIC NAME
Geographic name México
General subdivision Igualdad de oportunidades en educación
700 1# - ADDED ENTRY--PERSONAL NAME
Personal name Granados Roldán, Otto,
Relator term secretario
942 ## - ADDED ENTRY ELEMENTS (KOHA)
Source of classification or shelving scheme Dewey Decimal Classification
Koha item type Libro
Classification part 379.72
Item part E244
Existencias
Withdrawn status Lost status Source of classification or shelving scheme Damaged status Not for loan Collection code Home library Current library Shelving location Date acquired Source of acquisition Total Checkouts Full call number Barcode Date last seen Price effective from Koha item type
    Dewey Decimal Classification     General Biblioteca Karol Wojtyla Biblioteca Karol Wojtyla Sala general 03/12/2013 Compra   379.72 E244 2018 45948 05/01/2026 03/12/2013 Libro